Loading...
| Science - Chemistry | 0 | 7 | 2 | 0 | 60 | 56 | 81.86 | 2 | 6 | 0.00 | 0.00 |
| Science - Biology | 0 | 5 | 3 | 0 | 35 | 76 | 85.20 | 2 | 4 | 0.00 | 0.00 |
| Philosophy | 0 | 2 | 0 | 0 | 20 | 119 | 137.50 | 0 | 1 | 0.00 | 0.00 |
| Science - Other | 0 | 2 | 0 | 0 | 20 | 114 | 119.50 | 0 | 1 | 0.00 | 0.00 |
| Religion | 0 | 2 | 0 | 0 | 20 | 123 | 132.00 | 0 | 2 | 0.00 | 0.00 |
| Science - Physics | 0 | 2 | 1 | 1 | 15 | 120 | 120.50 | 0 | 2 | 0.00 | 0.00 |
| Other Academic | 0 | 1 | 0 | 0 | 10 | 79 | 79.00 | 0 | 1 | 0.00 | 0.00 |
| Literature - British | 0 | 1 | 0 | 0 | 10 | 69 | 69.00 | 1 | 1 | 0.00 | 0.00 |
| History - European | 0 | 1 | 0 | 0 | 10 | 68 | 68.00 | 1 | 1 | 0.00 | 0.00 |
| History - World | 0 | 1 | 1 | 0 | 5 | 112 | 112.00 | 0 | 1 | 0.00 | 0.00 |
| History - American | 0 | 0 | 1 | 0 | -5 | 0.00 | 0 | 0 | 0.00 | 0.00 | |
| Fine Arts - Other | 0 | 0 | 1 | 0 | -5 | 0.00 | 0 | 0 | 0.00 | 0.00 |